Materials for engineers and technicians / (Record no. 24115)
[ view plain ]
| 000 -LEADER | |
|---|---|
| fixed length control field | 00847cam a22002655a 4500 |
| 001 - CONTROL NUMBER | |
| control field | 18159268 |
| 005 - DATE AND TIME OF LATEST TRANSACTION | |
| control field | 20201128024130.0 |
| 008 - FIXED-LENGTH DATA ELEMENTS--GENERAL INFORMATION | |
| fixed length control field | 140521s2015 enka frd 001 0 eng d |
| 020 ## - INTERNATIONAL STANDARD BOOK NUMBER | |
| International Standard Book Number | 9781138778757 |
| 040 ## - CATALOGING SOURCE | |
| Original cataloging agency | DLC |
| Language of cataloging | eng |
| Transcribing agency | DLC |
| Modifying agency | DLC |
| -- | EG-ScBUE |
| 082 04 - DEWEY DECIMAL CLASSIFICATION NUMBER | |
| Edition number | 22 |
| Classification number | 620.11 |
| Item number | BOL |
| 100 1# - MAIN ENTRY--PERSONAL NAME | |
| Personal name | Bolton, W. |
| Fuller form of name | (William), |
| Dates associated with a name | 1933- |
| 9 (RLIN) | 11206 |
| 245 10 - TITLE STATEMENT | |
| Title | Materials for engineers and technicians / |
| Statement of responsibility, etc | W. Bolton, R. A. Higgins. |
| 250 ## - EDITION STATEMENT | |
| Edition statement | 6th ed. |
| 260 ## - PUBLICATION, DISTRIBUTION, ETC. (IMPRINT) | |
| Place of publication, distribution, etc | Oxon ; |
| -- | New York : |
| Name of publisher, distributor, etc | Routledge / Taylor & Francis Group, |
| Date of publication, distribution, etc | 2015. |
| 300 ## - PHYSICAL DESCRIPTION | |
| Extent | xii, 459 p. : |
| Other physical details | ill. ; |
| Dimensions | 25 cm. |
| 500 ## - GENERAL NOTE | |
| General note | Index : p. 450-459. |
| 500 ## - GENERAL NOTE | |
| General note | Glossary : p. 440-449. |
| 650 #7 - SUBJECT ADDED ENTRY--TOPICAL TERM | |
| Topical term or geographic name as entry element | Materials. |
| Source of heading or term | BUEsh |
| 9 (RLIN) | 1256 |
| 651 ## - SUBJECT ADDED ENTRY--GEOGRAPHIC NAME | |
| Source of heading or term | BUEsh |
| 653 ## - INDEX TERM--UNCONTROLLED | |
| Resource For college | Engineering, Mechanical |
| Arrived date list | February2017 |
| 655 ## - INDEX TERM--GENRE/FORM | |
| Form subdivision | Reading book |
| -- | 34232 |
| 700 1# - ADDED ENTRY--PERSONAL NAME | |
| Personal name | Higgins, Raymond A. |
| Fuller form of name | (Raymond Aurelius), |
| Dates associated with a name | 1916- |
| 942 ## - ADDED ENTRY ELEMENTS (KOHA) | |
| Source of classification or shelving scheme | Dewey Decimal Classification |
| Withdrawn status | Item status | Source of classification or shelving scheme | Damaged status | Not for loan | Vendor | Home library | Current library | Shelving location | Date acquired | Source of acquisition | Cost, normal purchase price | Total Checkouts | Full call number | Barcode | Date last seen | Cost, replacement price | Koha item type | Total Renewals | Date last borrowed |
|---|---|---|---|---|---|---|---|---|---|---|---|---|---|---|---|---|---|---|---|
| Dewey Decimal Classification | Baccah | Central Library | Central Library | First floor | 09/02/2017 | Purchase | 450.00 | 620.11 BOL | 000041152 | 15/07/2025 | 563.00 | Book - Borrowing | |||||||
| Dewey Decimal Classification | Baccah | Central Library | Central Library | First floor | 09/02/2017 | Purchase | 450.00 | 1 | 620.11 BOL | 000041153 | 15/07/2025 | 563.00 | Book - Borrowing | 2 | 01/11/2017 | ||||
| Dewey Decimal Classification | Baccah | Central Library | Central Library | First floor | 09/02/2017 | Purchase | 620.11 BOL | 000041154 | 15/07/2025 | Book - Borrowing |